Ôn lí thuyết hoá vô cơ : Ôn thi tú tài luyện thi vào các trường đại học /
Bewaard in:
| Hoofdauteur: | |
|---|---|
| Formaat: | Sách giấy |
| Taal: | Vietnamese |
| Gepubliceerd in: |
Đồng Nai :
Nxb. Đồng nai,
2000.
|
| Onderwerpen: | |
| Tags: |
Voeg label toe
Geen labels, Wees de eerste die dit record labelt!
|
| Thư viện lưu trữ: | Thư viện Trường Đại học Đà Lạt |
|---|
| LEADER | 00766nam a2200301 4500 | ||
|---|---|---|---|
| 001 | DLU090103214 | ||
| 005 | ##20091230 | ||
| 040 | # | # | |a DLU |b vie |
| 041 | # | # | |a vie |
| 044 | # | # | |a vn |
| 082 | # | # | |a 546 |b PH-B |
| 100 | # | # | |a Phạm Đức Bình. |
| 245 | # | # | |a Ôn lí thuyết hoá vô cơ : |b Ôn thi tú tài luyện thi vào các trường đại học / |c Phạm Đức Bình. |
| 260 | # | # | |a Đồng Nai : |b Nxb. Đồng nai, |c 2000. |
| 300 | # | # | |a 399 tr. ; |c 21 cm. |
| 653 | # | # | |a Hoá vô cơ |
| 653 | # | # | |a Sách bài tập |
| 923 | # | # | |a 15/2009 |
| 991 | # | # | |a GT |
| 992 | # | # | |a 24000 |
| 994 | # | # | |a DLU |
| 900 | # | # | |a True |
| 911 | # | # | |a Đào Thị Thu Huyền |
| 925 | # | # | |a G |
| 926 | # | # | |a A |
| 927 | # | # | |a SH |
| 980 | # | # | |a Thư viện Trường Đại học Đà Lạt |